| 000 | 00971nam a2200277 c 4500 | ||
|---|---|---|---|
| 999 |
_c348630 _d348630 |
||
| 003 | BLK | ||
| 005 | 20241123113356.0 | ||
| 008 | 180408b bul|||||r ||||||| ||bul|| | ||
| 010 | _aKNG00070287000 | ||
| 020 | _a9786197354898 | ||
| 040 | _aBLK | ||
| 041 |
_aBUL _cBUL |
||
| 080 |
_aБългарска литература _b821.163.2 _z821.163.2-32(082) |
||
| 139 |
_aДокоснат от Шекли _bД 72 |
||
| 245 | 1 | 0 |
_aДокоснат от Шекли _cРазкази от бълг. автори, вдъхновени от Робърт Шекли |
| 257 | _aBGR | ||
| 260 |
_bGaiana Book Art Studio _c2019 _9214217 _aРусе |
||
| 300 |
_a196 с. _c20 см |
||
| 380 | _aX | ||
| 700 |
_91311 _aИлиева, Кети _eред. _gИлиева, Кирилка Христова |
||
| 700 |
_9390421 _aЦанев, Явор Богомилов _eпредпечат |
||
| 852 |
_bП _c886.7-32/Д 72 |
||
| 856 | 4 | _qpdf | |
| 856 | 4 | _qpdf | |
| 942 |
_cKNG _n0 _s1 _01 |
||
| 944 |
_k30570 _lМоника Янева |
||